Arşiv belgelerinde siyakat yazısı özellikleri ve divan rakamları / (Record no. 15893)

MARC details
000 -BAŞLIK
Sabit Uzunlukta Kontrol Alanı 00781nam a22002297a 4500
999 ## - SİSTEM KONTROL NUMARALARI (KOHA)
Koha Biblionumber 15893
Koha Biblioitemnumber 15893
003 - KONTROL NUMARASI IDENTIFIER
Denetim Alanı MIRAKIL
005 - SON İŞLEM TARİHİ VE ZAMANI
Denetim Alanı 20240417144147.0
008 - SABİT-BOY VERİ ELEMANLARI - GENEL BİLGİLER
Sabit Uzunlukta Kontrol Alanı 240417b tu ||||| |||| 00| 0 tur d
020 ## - ULUSLARARASI STANDART KİTAP NUMARASI
Uluslararası Standart Kitap Numarası 9789751601452
040 ## - KATALOGLAMA KAYNAK
Orijinal Kataloglama Ajansı TR-AnCHP
Metne Dönüştürmek Ajansı TR-AnCHP
041 ## - DİL KODU
Metin / Ses Parça Veya Ayrı Başlığın Dil Kodu tur
082 ## - DEWEY ONLU SINIFLANDIRMA NUMARASI
Sınıflandırma Numarası 652.109561015
Ürün Numarası G95a 2021
100 ## - ANA GİRİŞ - KİŞİSEL İSİM
Kişisel Ad Günday, Dündar
245 10 - BAŞLIK TABLOSU
Başlık Arşiv belgelerinde siyakat yazısı özellikleri ve divan rakamları /
Sorumluluk Tablosu, Vb Dündar Günday.
250 ## - EDITION TABLOSU
Baskı Beyanı 4. baskı
260 ## - YAYIN, DAĞITIM, VB
Yayın, Dağıtım, Vb Yeri Ankara :
Yayıncı, Dağıtıcı, Vs Adı Türk Tarih Kurumu,
Yayın, Dağıtım, Vb Tarihi 2021.
300 ## - FİZİKSEL TANIM
Kapsam ix, 259 s. ;
Boyutlar 28 cm.
490 0# - SERİSİ TABLOSU
Seri Beyanı AKDTYK Türk Tarih Kurumu yayınları ;
Hacim / Ardışık Tanımı vii. Dizi-Sa. 57
504 ## - KAYNAKÇA VB NOT
Kaynakça Vb Notu Bibliyografik bilgi içerir<br/>
856 ## - ELEKTRONİK YER VE ERİŞİM
Kamu Notu Dijital Nüshası için Partimizin Kütüphane Sorumlusu ile iletişime geçiniz.
942 ## - EKLENDİ GİRİŞ ELEMANLARI (KOHA)
Sınıflandırma Veya Raf Düzeni Kaynak Dewey Decimal Classification
Koha Öğesi Türü Books
Holdings
Kalıcı Konum Mevcut Konum Edinme Tarihi Toplam Check-Out'Lar Tam Çağrı Numarası Barkod Tarih Son Görülme İtibaren Geçerli Fiyatlar Koha Öğesi Türü
CHP Kütüphanesi CHP Kütüphanesi 04/17/2024   652.109561015 G95a 2021 21844 04/17/2024 04/17/2024 Books